Ecological and societal diversity in the epic padmaavat (Record no. 395714)

MARC details
000 -LEADER
fixed length control field 00574 a2200205 4500
005 - DATE & TIME
control field 20260424152444.0
008 - FIXED-LENGTH DATA ELEMENTS--GENERAL INFORMATION
fixed length control field 260424b |||||||| |||| 00| 0 eng d
020 ## - ISBN
International Standard Book Number 9788197951688
Price Rs. 3995.00
040 ## - CATALOGING SOURCE
Original cataloging agency VIVEKANANDA LIBRARY
082 ## - DDC NUMBER
Classification number 577
Book Number K167E
100 ## - MAIN ENTRY--PERSONAL NAME
Personal name Kaushik, Prashant
245 ## - TITLE STATEMENT
Title Ecological and societal diversity in the epic padmaavat
260 ## - PUBLICATION, DISTRIBUTION, ETC. (IMPRINT)
Name of publisher, distributor, etc Today and Tommorow's Printers and Publishers
Date of publication, distribution, etc 2025
Place of publication, distribution, etc New Delhi
300 ## - PHYSICAL DESCRIPTION
Pages 348
650 ## - Subject
Subject Ecology
650 ## - Subject
Subject Human Biology
650 ## - Subject
Subject Life Sciences
700 ## - Added Entry Personal Name
Added Entry Personal Name Kaushik, Purshotam
942 ## - ADDED ENTRY ELEMENTS (KOHA)
Koha item type Books
Holdings
Withdrawn status Lost status Source of classification or shelving scheme Damaged status Not for loan Location (home branch) Sublocation or collection (holding branch) Shelving location Date acquired Koha issues (times borrowed) Koha full call number Accession No. Koha date last seen Koha item type
    Dewey Decimal Classification     VIVEKANANDA LIBRARY VIVEKANANDA LIBRARY Vivekananda Library 07/01/2026   577 K167E 443999 07/01/2026 Books
© Designed and Maintained by Vivekananda Library, MDU Rohtak